Modern Middle East (Record no. 15351)

MARC details
000 -LEADER
fixed length control field 00576nam a2200241 a 4500
020 ## - INTERNATIONAL STANDARD BOOK NUMBER
ISBN 1860649637
082 00 - DEWEY DECIMAL CLASSIFICATION NUMBER
Classification number 956
Author Cutter HOU
100 ## - MAIN ENTRY--AUTHOR NAME
Author name Hourani, Albert
245 ## - TITLE STATEMENT
Title Modern Middle East
260 ## - PUBLICATION, DISTRIBUTION, ETC. (IMPRINT)
Place of publication London
Name of publisher I.B.Tauris & Co.Ltd
Year of publication 2004
300 ## - PHYSICAL DESCRIPTION
Number of Pages 680p
500 ## - GENERAL NOTE
General note includes index and biblioraphy
505 2# - FORMATTED CONTENTS NOTE
Formatted contents note Notes
942 ## - ADDED ENTRY ELEMENTS (KOHA)
Koha item type Books
700 1# -
-- Philip Khoury
700 1# -
-- Mary C Wilson
Holdings
Collection code Home library Current library Date acquired Cost, normal purchase price Full call number Accession Number Koha item type
  Henry Martyn Institute Library Henry Martyn Institute Library 01/12/2011 995.00 956 HOU 020851 Books
                   Copyright © 2026 | Henry Martyn Institute | Hyderabad | TS-500052 | INDIA | Implemented by hmi.edu.in
Hit-Count:

Powered by Koha